Statistiques concernant Culture Générale - Série 365

Cliquez ici pour prendre le quiz!

Statistiques générales

  • Ce quiz a été pris 114 fois
  • Le résultat moyen est 7 sur 10

Statistiques - réponses

QuestionRéponse% Correct
Quel groupe a gagné le Concours Eurovision de la Chanson en 1974 avec le titre "Waterloo" ?Abba
85%
Quels fruits sont la selva, la gariguette et la mara des bois ?Des fraises
85%
On appelle l'arrière d'un navire la poupe. Comment se nomme l'avant ?La proue
82%
Appelés The Smurfs en anglais, Los Pitufos en espagnol, qui sont ces petits personnages de bande dessinée créés par Peyo ?Les Schtroumpfs
78%
Quel est le nom du chant maori que les All Blacks entonnent avant chaque match de rugby ?Le haka
76%
Quel style de chaussures doit son nom à un cardinal qui fut aussi ministre de Louis XIII ?Richelieu
76%
Les aventures d'Harry Potter ont été écrites par Joanne Kathleen...Rowling
76%
Quel joueur de football surnommé "Le Président" embrassait le crâne de Fabien Barthez avant chaque match des Bleus en 1998 ?Laurent Blanc
75%
Quel est le nom du flibustier incarné par Johnny Depp dans la saga cinématographique "Pirates des Caraïbes" ?Jack Sparrow
70%
Quel grand couturier arlésien a relooké les TGV en 2005 ?Christian Lacroix
24%

Distribution des résultats

Percentile par nombre de réponses

% des personnes avec chaque résultat

Votre développement - résultats

Vous n’avez pas pris ce quiz